000 00502nam a2200181Ia 4500
005 20250508153240.0
008 008 250505s9999 xx 000 0 eng d
037 _aTextual
040 _aFEDL
_beng
_cFEDL
041 _aeng
_2eng
084 _a378, NEV
_qFEDL
100 _aAllan Nevins
_9763523
245 0 _aState universities and democracy
260 _aUrbana
_bUniversity of Illinois Press
_c1962
300 _avii,171p.
942 _cTEXL
_h378, NEV
999 _c1341512
_d1341512